Finish the 80s Song - Statistics

General Stats
  • This quiz has been taken 58 times
  • The average score is 7 of 15
Answer Stats
Hint Answer % Correct
Every ______ You Take Breath
92%
______ on a Prayer Livin
92%
__________ Wants to Rule the World Everybody
91%
Don't Stop _________ Believin
77%
Summer of ___ 69
74%
The _____ of Love Power
60%
Juke Box ___ Hero
49%
The ____ is Mine Girl
47%
I wear my _________ at Night Sunglasses
45%
The Future's so Bright, I _____ Wear Shades Gotta
42%
Oh ______ Sherrie
21%
Dirty ________ Laundry
13%
The ____ ____ Down the Road Old Man
13%
_______ Woman Modern
4%
The _______ Dream Gunner's
2%
No matching quizzes found
Score Distribution
Percent of People with Each Score
Percentile by Number Answered
Your Score History
You have not taken this quiz